<?xml version='1.0' encoding='UTF-8'?>
  <record xmlns="http://www.loc.gov/MARC21/slim">
    <leader>00000cam a22000007i 4500</leader>
    <controlfield tag="001">ocm64363105</controlfield>
    <controlfield tag="003">OCoLC</controlfield>
    <controlfield tag="005">20241204163043.7</controlfield>
    <controlfield tag="008">860702s1878    ne            000 0 dut d</controlfield>
    <datafield tag="040" ind1=" " ind2=" ">
      <subfield code="a">NLGGC</subfield>
      <subfield code="b">dut</subfield>
      <subfield code="e">fobidrtb</subfield>
      <subfield code="c">NLGGC</subfield>
      <subfield code="d">OCLCO</subfield>
      <subfield code="d">OCLCA</subfield>
      <subfield code="d">OCLCL</subfield>
      <subfield code="d">OCLCQ</subfield>
    </datafield>
    <datafield tag="029" ind1="0" ind2=" ">
      <subfield code="a">NLGGC</subfield>
      <subfield code="b">863122922</subfield>
    </datafield>
    <datafield tag="029" ind1="1" ind2=" ">
      <subfield code="a">NLGGC</subfield>
      <subfield code="b">085601233</subfield>
    </datafield>
    <datafield tag="035" ind1=" " ind2=" ">
      <subfield code="a">(OCoLC)64363105</subfield>
    </datafield>
    <datafield tag="041" ind1="1" ind2=" ">
      <subfield code="a">dut</subfield>
      <subfield code="h">ita</subfield>
    </datafield>
    <datafield tag="100" ind1="0" ind2=" ">
      <subfield code="a">Alphonsus Maria,</subfield>
      <subfield code="c">de Liguori</subfield>
      <subfield code="q">(Alfonso Maria),</subfield>
      <subfield code="d">1696-1787.</subfield>
      <subfield code="1">https://id.oclc.org/worldcat/entity/E39PBJxhkBHBqcT84DMtjHMHG3</subfield>
    </datafield>
    <datafield tag="245" ind1="1" ind2="3">
      <subfield code="a">De toevlucht der zondaren :</subfield>
      <subfield code="b">de schoonste der Meimaanden /</subfield>
      <subfield code="c">door den H. Kerkleeraar Alphonsus Maria de Liguori.... ; in het Hollandsch bew. onder toezicht van en met eene voorrede verrijkt door den Hoogeerw. Heer J.H. Wensing.</subfield>
    </datafield>
    <datafield tag="250" ind1=" " ind2=" ">
      <subfield code="a">4e dr.</subfield>
    </datafield>
    <datafield tag="260" ind1=" " ind2=" ">
      <subfield code="a">Amsterdam :</subfield>
      <subfield code="b">Borg,</subfield>
      <subfield code="c">1878.</subfield>
    </datafield>
    <datafield tag="300" ind1=" " ind2=" ">
      <subfield code="a">251 p. ;</subfield>
      <subfield code="c">14 cm.</subfield>
    </datafield>
    <datafield tag="336" ind1=" " ind2=" ">
      <subfield code="a">tekst</subfield>
      <subfield code="b">txt</subfield>
      <subfield code="2">rdacontent/dut</subfield>
    </datafield>
    <datafield tag="337" ind1=" " ind2=" ">
      <subfield code="a">zonder medium</subfield>
      <subfield code="b">n</subfield>
      <subfield code="2">rdamedia/dut</subfield>
    </datafield>
    <datafield tag="338" ind1=" " ind2=" ">
      <subfield code="a">band</subfield>
      <subfield code="b">nc</subfield>
      <subfield code="2">rdacarrier/dut</subfield>
    </datafield>
    <datafield tag="500" ind1=" " ind2=" ">
      <subfield code="a">Oorspr. titel: Le glorie di Maria.</subfield>
    </datafield>
    <datafield tag="700" ind1="1" ind2=" ">
      <subfield code="a">Wensing, J.H.</subfield>
      <subfield code="q">(Justus Henricus),</subfield>
      <subfield code="d">1808-1880.</subfield>
      <subfield code="1">https://id.oclc.org/worldcat/entity/E39PCjM8mHpHK69TWQHQFbPXJP</subfield>
    </datafield>
    <datafield tag="758" ind1=" " ind2=" ">
      <subfield code="a">De toevlucht der zondaren (Text)</subfield>
      <subfield code="1">https://id.oclc.org/worldcat/entity/E39PCYJ36cKT76YFwvc6Ww3YT3</subfield>
      <subfield code="4">https://id.oclc.org/worldcat/ontology/hasWork</subfield>
    </datafield>
    <datafield tag="776" ind1="0" ind2=" ">
      <subfield code="t">De toevlucht der zondaren</subfield>
      <subfield code="w">(NL-LeOCL)427421519</subfield>
    </datafield>
    <datafield tag="776" ind1="0" ind2=" ">
      <subfield code="t">De toevlucht der zondaren</subfield>
      <subfield code="w">(NL-LeOCL)427421527</subfield>
    </datafield>
    <datafield tag="936" ind1=" " ind2=" ">
      <subfield code="a">BATCHLOAD</subfield>
    </datafield>
  </record>